Zachovanie majetkovej podstaty v bilančných teóriách

Charakteristika bilancie a bilančných teórií. Úloha súvahy. Oceňovanie majetkových súčastí pri rešpektovaní určitých kritérií. Potreba riešenia zmeny cenovej hladiny. Základný cieľ účtovníctva. Chápanie majetkovej podstaty v účtovníctve.

Gespeichert in:
Bibliographische Detailangaben
1. Verfasser: Feketeová, Renáta, 1974-
Format: Buchkapitel
Sprache:Slowakisch
Schlagworte:
Tags: Tag hinzufügen
Keine Tags, Fügen Sie das erste Tag hinzu!

MARC

LEADER 00000naa$a2200000$$$4500
001 0057374
005 20240502071640.2
041 0 |a slo 
044 |a SK 
245 1 0 |a Zachovanie majetkovej podstaty v bilančných teóriách  |c Renáta Feketeová 
520 |a Charakteristika bilancie a bilančných teórií. Úloha súvahy. Oceňovanie majetkových súčastí pri rešpektovaní určitých kritérií. Potreba riešenia zmeny cenovej hladiny. Základný cieľ účtovníctva. Chápanie majetkovej podstaty v účtovníctve. 
610 2 0 |a účtovníctvo 
610 2 0 |a bilancie 
610 2 0 |a výkazy účtovné 
610 2 0 |a súvaha 
610 2 0 |a situácia finančná podniku 
610 2 0 |a teória bilančná 
100 1 |a Feketeová, Renáta, 1974-